German History - Statistics

General Stats
  • This quiz has been taken 66 times
  • The average score is 8 of 15
Answer Stats
Question Answer % Correct
What year did World War II end? 1945
100%
What year did the Berlin Wall get built? 1961
75%
How many years did the Third German Reich last? Includes Greater German Reich time period. 12 years
63%
What year did Germany unify, for the first time, as a modern country? 1871
63%
What year did Germany re-unite? 1990
63%
The technical name of East Germany German Democratic Republic
63%
Name of alliance Germany part took in during World War I Central Powers
50%
Name of operation invading Italy during World War II. Operation Axis
50%
Operation invading the Soviet Union; Largest land invasion in history. Operation Barbarossa
50%
Proposed operation to invade Britain over the English Channel. Operation Sealion
50%
Operation invading North Africa in 1942 Operation Torch
50%
What year did the Weimar Republic fall? 1919
38%
What year was the Second Schleswig War fought through? 1864
25%
What was the year the North German Federation formed? 1867
25%
How many years was Germany split? 41 years
25%
No matching quizzes found
Score Distribution
Percent of People with Each Score
Percentile by Number Answered
Your Score History
You have not taken this quiz